|
|
|
|
| LEADER |
01671cam a2200385 a 4500 |
| 001 |
c000380958 |
| 003 |
CARM |
| 005 |
20110802092223.0 |
| 008 |
110802s1974 is a b 100 0 eng d |
| 010 |
|
|
|a 76362637
|
| 019 |
1 |
|
|a 783396
|5 LACONCORD2021
|
| 035 |
|
|
|a (OCoLC)2374058
|5 LACONCORD2021
|
| 040 |
|
|
|a LC
|b eng
|c LC
|d NUN
|
| 050 |
0 |
0 |
|a QA76.5
|b .I577 1974
|
| 082 |
0 |
4 |
|a 001.64
|
| 111 |
2 |
|
|a ILTAM International Seminar on Performance Evaluation of Data Processing Systems
|d (1974 :
|c Weizmann Institute of Science)
|
| 245 |
1 |
0 |
|a 1974 International Seminar on Performance Evaluation of Data Processing Systems :
|b proceedings.
|
| 246 |
3 |
|
|a International Seminar on Performance Evaluation of Data Processing Systems
|
| 246 |
3 |
|
|a Proceedings of the International Seminar on Performance Evaluation of Data Processing Systems
|
| 250 |
|
|
|a Prelim. ed.
|
| 260 |
|
|
|a [Rehovot, Israel] :
|b Weizmann Institute of Science,
|c 1974.
|
| 300 |
|
|
|a vii, 617 p. :
|b ill. ;
|c 28 cm.
|
| 500 |
|
|
|a Cover title.
|
| 500 |
|
|
|a "Co-directors: Gerald Estrin, Leonard Kleinrock."
|
| 504 |
|
|
|a Includes bibliographical references.
|
| 650 |
|
0 |
|a Electronic digital computers
|x Evaluation
|v Congresses.
|
| 700 |
1 |
|
|a Kleinrock, Leonard.
|
| 700 |
1 |
|
|a Estrin, Gerald.
|
| 710 |
2 |
|
|a Mekhon Ṿaitsman le-madaʿ.
|
| 710 |
2 |
|
|a ILTAM (Organization : Israel)
|
| 852 |
8 |
|
|b CARM
|p 0572799
|f BK
|
| 852 |
8 |
|
|b SCAN
|h A3:AG04C0
|i F07968
|p 0572799
|f BK
|
| 999 |
f |
f |
|i 9453457e-43c4-5e6e-8d42-a7b68ae9fcde
|s 2dd08753-5445-54d1-9cfe-728abdd189f2
|
| 952 |
f |
f |
|p Can circulate
|a CAVAL
|b CAVAL
|c CAVAL
|d CARM 1 Store
|i book
|m 0572799
|
| 952 |
f |
f |
|a CAVAL
|b CAVAL
|c CAVAL
|d Unmapped Location
|e F07968
|f A3:AG04C0
|h Other scheme
|